| 000 | 00000nas##2200000za#4500 |
|---|---|
| 001 | 9.510778 |
| 003 | CaOODSP |
| 005 | 20210305151629 |
| 007 | ta |
| 008 | 150406c2003||||xxc|| m #||||f| |0eng|d |
| 040 | |aCaOODSP|beng |
| 041 | |aeng |
| 041 | |afre |
| 043 | |an-cn--- |
| 086 | 1 |aYB372 |
| 110 | 1 |aCanada. |bParliament. |bSenate. |
| 245 | 10|aSenate of Canada bill : |b2nd session, 37th Parliament, 51-52 Elizabeth II, 2002-2003 |
| 260 | |bSenate |
| 310 | |aIrregular |
| 563 | |aSoftcover |
| 776 | 0#|tProjets de loi du Sénat : |w(CaOODSP)9.500156 |
| 792 | |tSénat du Canada, projet de loi : |efre|w(CaOODSP)9.510779 |